1053 1676 1816 1023 1887 1858 1371 1569 1534 1221 1271 1703 1234 1053 1885 1109 1937 1278 1214 1041 1686 1827 1095 1326 1733 1357 1508 1451 1276 1403 1967 1099 1298 1655 1679 1615 1596 1422 1837 1319 1294 1573 1736 1545 1528 1173 1461 1397 1650 1272 1748 1694 1328 1033 1864 1735 1029 1961 1332 1778 1454 1354 1223 1675 1802 1201 1835 1893 1010 1328 1279 1032 1371 1074 1499 1562 1804 1869 1666 1901 1492 1017 1998 1491 1837 1883 1882 1425 1908 1955 1352 1360 1433 1182 1773 1567 1185 1592 1495 BCNSPRNW ULIB Ver.6.0+V

เปลี่ยนเป็นภาษาไทย

Change to English
 แสดงรายละเอียดบรรณานุกรม
  กลับหน้าหลัก

Brief Record : Get Marc (ISO 2709) : E-mail record : QR code < ปิดหน้าต่าง
LEADER : 00000nam 2200000uu 4500
001    13399122522
003     ULIB
008    130714s2551||||th 000 0 tha d
020    ^a9789748041995
060  4 ^aWU113.6^bบ638น
110    ^aกองทันตสาธารณสุข กรมอนามัย
245    ^aคู่มือการดูแลสุขภาพช่องปากแม่และเด็ก^cบรรณาธิการโดย จันทนา อึ้งชูศักดิ์
250    ^aพิมพ์ครั้งที่ 1
260    ^aนนทบุรี :^bสำนักงานกิจการโรงพิมพ์ องค์การสงเคราะห์ทหารผ่านศึก,^c2551
300    ^a138 หน้า
650    ^aสุขภาพช่องปาก^xเด็กปฐมวัย
710 1  ^aกองทันตสาธารณสุข กรมอนามัย
945    ^p0^l0^i19976
999    ^aเกษร โพธิ์สุวรรณ
รายการนี้ยังไม่มีแท็ก
คุณยังไม่ได้ล็อกอิน คุณสามารถมีกิจกรรมร่วมกับเว็บไซต์ได้ แต่ต้องล็อกอินก่อน ::
  ล็อกอิน

รายการสื่อสารสนเทศ

ลำดับที่ ประเภท เลขเรียก/บาร์โค้ด สถานที่ สถานะ
- ไม่พบข้อมูล -

BibComment


ยังไม่เคยถูกคอมเมนท์

คอมเมนท์ทรัพยากรรายการนี้
  คอมเมนท์: คู่มือการดูแลสุข..


 Copyright 2026. Bcnsprnw @Library